| 000 | 00859cam a2200289 i 4500 | ||
|---|---|---|---|
| 001 | 9332828 | ||
| 003 | EG-ScBUE | ||
| 005 | 20230313112019.0 | ||
| 008 | 100430s2009 it o f b 000 0deng d | ||
| 020 | _a9788864130170 | ||
| 040 |
_aItFiC _beng _erda _cItFiC _dEG-ScBUE |
||
| 082 | 0 | 4 |
_a779 _bFUT _222 |
| 245 | 0 | 0 |
_aFuture images / _cedited by Mario Cresci. |
| 250 | _aFirst edition. | ||
| 264 |
_aMilano : _bORE Motta Cultura srl, _c2009. |
||
| 300 |
_a309 pages : _bphotographs ; _c29 cm |
||
| 336 |
_2rdacontent _atext _btxt |
||
| 337 |
_2rdamedia _aunmediated _bn |
||
| 338 |
_2rdacarrier _avolume _bnc |
||
| 504 | _aIncludes bibliographical references. | ||
| 650 | 7 |
_aPhotography, Artistic. _2BUEsh _937552 |
|
| 651 | _2BUEsh | ||
| 653 |
_bCOMAME _cMay2015 |
||
| 655 | _vReading book | ||
| 700 | 1 |
_aCresci, Mario, _eeditor. |
|
| 942 |
_2ddc _k779 FUT _cBB |
||
| 999 |
_c19361 _d19333 |
||